Impacto de la implementación de un servicio de atención de emergencias sobre las muertes por accidentes de tránsito: el caso same en la provincia de Buenos Aires (Registro nro. 23129)

Detalles MARC
000 -LEADER
fixed length control field 00524 a2200133 4500
001 - CONTROL NUMBER
control field ART_58866
005 - DATE AND TIME OF LATEST TRANSACTION
control field 20260410161830.0
008 - FIXED-LENGTH DATA ELEMENTS--GENERAL INFORMATION
fixed length control field 260409a
100 1# - MAIN ENTRY--PERSONAL NAME
Personal name Benzaquén, Ivana
245 10 - TITLE STATEMENT
Title Impacto de la implementación de un servicio de atención de emergencias sobre las muertes por accidentes de tránsito: el caso same en la provincia de Buenos Aires
700 1# - ADDED ENTRY--PERSONAL NAME
Personal name Epele, Nicolás
700 1# - ADDED ENTRY--PERSONAL NAME
Personal name Marchionni, Mariana
773 0# - HOST ITEM ENTRY
Title Estudios Económicos
Related parts - Vol. 40, Nº 80 (ene./jun. 2023)
Record control number REV5080

No hay ítems disponibles.